000
00282nam a2200145Ia 4500
100
_a
None
942
_c
BK
654
_a
electronics
245
_a
Delta
260
_b
Scientific Sales
_a
Indore
082
_a
621.381536
_b
SCI
300
_a
53
546
_a
ENGLISH
999
_c
33693
_d
33693